| 000 | 01386nam0a2200337 i 4500 | ||
|---|---|---|---|
| 001 | RU\NLR\BIBL_A\011473498 | ||
| 005 | 20241103105544.0 | ||
| 010 |
_a9785431603990 _9500 |
||
| 021 |
_aRU _b2017-62696 _94439 |
||
| 035 | _a(RuMoRGB)009369657 | ||
| 035 | _a(NLR Aleph) 011473498 | ||
| 090 |
_a11866416 _c11866416 |
||
| 100 | _a20170915d2017 k y0rusy50 ca | ||
| 101 | 0 | _arus | |
| 102 | _aRU | ||
| 105 | _aa|||z|||000zy | ||
| 200 | 1 |
_aТеоретические свойства физических фракталов и их приложение к практическим задачам _e[монография] _fС.О. Гладков, С.Б. Богданова |
|
| 210 |
_aМосква _cИзд-во МАИ _d2017 |
||
| 215 |
_a193 с. _cил. _d21 |
||
| 225 | 1 | _aНаучная библиотека | |
| 320 | _aБиблиогр.: с. 177-190 (205 назв.) | ||
| 606 |
_aФрактальные антенны _92316400 _3RU\NLR\AUTH\6601611284 |
||
| 610 | 0 | _aфрактальные антенны | |
| 686 |
_aЗ845-01,0 _2rubbk |
||
| 686 | 1 | _aЗ845 | |
| 700 | 1 |
_aГладков _bС. О. _gСергей Октябринович |
|
| 701 | 1 |
_aБогданова _bС. Б. _cканд. физ.-мат. наук _gСофья Борисовна _9178580 _3RU\NLR\AUTH\770178631 |
|
| 942 | _cBOOK | ||
| 980 | _aNBR | ||